| 000 | 00988nam a2200265Ia 4500 | ||
|---|---|---|---|
| 003 | OSt | ||
| 005 | 20221005112019.0 | ||
| 006 | a|||||r|||| 00| 0 | ||
| 007 | ta | ||
| 008 | 221004b |||||||| |||| 00| 0 san d | ||
| 020 |
_a9789381189610 (hbk) _cINR 800.00 |
||
| 024 | _a37412 | ||
| 037 |
_b274, 10/03/2018, Bharatiya Book Corporation _cTextual |
||
| 040 |
_aCRL _cCRL _bsan |
||
| 041 |
_2san _asan |
||
| 082 | _aR65, 152Q7 | ||
| 100 | _aव्यास, हरि, ले. | ||
| 245 | 0 | _aवेदान्तसिद्धान्तरत्नान्जलि | |
| 246 | _aVedāntasiddhāntaratnānjali | ||
| 260 |
_aवाराणसी _bभारतीय विद्या संस्थान भारत _c2017 |
||
| 300 |
_a328पृ0 _ccm. |
||
| 650 | _aभारतीय दर्शन | ||
| 942 |
_hR65, 152Q7 _cTEXL _2cc |
||
| 999 |
_c1023565 _d1023565 |
||